[Event "NK A Jeugd"]
[Site "Chess.com"]
[Date "2020.05.01"]
[Round "1"]
[White "Maters, Arthur"]
[Black "Wedda, Dries"]
[Result "0-1"]
[WhiteElo "1919"]
[BlackElo "2230"]
[PlyCount "60"]
[EventDate "2020.05.??"]

1. e4 b6 2. d4 Bb7 3. Bd3 e6 4. Qe2 Nf6 5. Nf3 d5 6. e5 Ne4 7. Nbd2 Nxd2 8.
Bxd2 c5 9. c3 Nc6 10. O-O Be7 11. Rfe1 O-O 12. Rad1 a5 13. a4 cxd4 14. cxd4 Nb4
15. Bxb4 Bxb4 16. Rf1 Qd7 17. Rc1 Bc6 18. b3 Rfc8 19. h4 Be7 20. Ng5 Bxg5 21.
hxg5 Qe7 22. f4 g6 23. g3 Bb7 24. Kg2 Rxc1 25. Rxc1 Rc8 26. Rh1 Rc3 27. Kf3 Ba6
28. Ke3 Bxd3 29. Qh2 Be4+ 30. Kd2 Rc2+ 0-1

[Event "NK A Jeugd"]
[Site "Chess.com"]
[Date "2020.05.01"]
[Round "1"]
[White "De Winter, Arthur"]
[Black "Pham, Khoi"]
[Result "1-0"]
[WhiteElo "2459"]
[BlackElo "1963"]
[PlyCount "41"]
[EventDate "2020.05.??"]

1. e4 c5 2. Nf3 d6 3. d4 cxd4 4. Nxd4 Nf6 5. Nc3 a6 6. h3 e5 7. Nb3 h5 8. Be2
Be6 9. Bg5 Nbd7 10. O-O Be7 11. f4 exf4 12. Bxf4 Ne5 13. Nd4 Bd7 14. Bg5 Rc8
15. Bxf6 Bxf6 16. Nd5 Bg5 17. Nf5 g6 18. Nxd6+ Kf8 19. Nxc8 Qxc8 20. Qd4 Qe8
21. Nf6 1-0

[Event "NK A Jeugd"]
[Site "Chess.com"]
[Date "2020.05.01"]
[Round "1"]
[White "Noordenbos, Daan"]
[Black "Van Foreest, Nanne"]
[Result "1/2-1/2"]
[WhiteElo "2077"]
[BlackElo "1847"]
[PlyCount "96"]
[EventDate "2020.05.??"]

1. e4 e5 2. Nf3 Nc6 3. Bc4 Nf6 4. d3 Bc5 5. c3 O-O 6. Bb3 d6 7. Nbd2 Bg4 8. Nf1
d5 9. Qe2 dxe4 10. dxe4 Re8 11. Bxf7+ Kxf7 12. Qc4+ Re6 13. Qxc5 Bxf3 14. gxf3
Rd6 15. Be3 b6 16. Qc4+ Kf8 17. Ng3 Na5 18. Qe2 g6 19. Rd1 Rxd1+ 20. Qxd1 Qxd1+
21. Kxd1 Nc4 22. Kc2 Rd8 23. h3 Nxe3+ 24. fxe3 Ke7 25. Rf1 g5 26. Nf5+ Ke6 27.
Rg1 Rg8 28. Kd3 Rd8+ 29. Ke2 Rg8 30. Nh6 Rg6 31. Nf5 h5 32. Kd3 Rg8 33. Rg2 g4
34. hxg4 hxg4 35. Nh6 Rd8+ 36. Ke2 gxf3+ 37. Kxf3 Rh8 38. Nf5 Rh3+ 39. Rg3 Rh2
40. Rg7 Rh7 41. Rxh7 Nxh7 42. Ng3 Ng5+ 43. Kg4 Nf7 44. Kh5 Nd6 45. b3 Nb5 46.
Ne2 Nd6 47. Ng3 Nb5 48. Ne2 Nd6 1/2-1/2

[Event "NK A Jeugd"]
[Site "Chess.com"]
[Date "2020.05.01"]
[Round "1"]
[White "Roebers, Eline"]
[Black "Heskes, Johan"]
[Result "1-0"]
[WhiteElo "2061"]
[BlackElo "1778"]
[PlyCount "65"]
[EventDate "2020.05.??"]

1. e4 e5 2. Nf3 f5 3. Nxe5 Qf6 4. d4 d6 5. Nc4 fxe4 6. Nc3 Qg6 7. Nd5 Qf7 8.
Nf4 c6 9. Be2 Nf6 10. O-O b5 11. Ne3 d5 12. a4 bxa4 13. Rxa4 Bd6 14. Nh5 O-O
15. c4 Bd7 16. Ra1 Be6 17. Nxf6+ gxf6 18. Bh5 Qg7 19. Ng4 f5 20. Bh6 Kh8 21.
Bxg7+ Kxg7 22. Ne5 Bxe5 23. dxe5 Nd7 24. cxd5 cxd5 25. Ra6 Bg8 26. e6 Nc5 27.
Qd4+ Kh6 28. Qxc5 Bxe6 29. Rxe6+ Kxh5 30. Qe7 h6 31. Qg7 Rg8 32. Qxh6+ Kg4 33.
h3# 1-0

[Event "NK A Jeugd"]
[Site "Chess.com"]
[Date "2020.05.01"]
[Round "1"]
[White "Van Foreest, Machteld"]
[Black "De Boer, Eelke"]
[Result "0-1"]
[WhiteElo "1952"]
[BlackElo "1607"]
[PlyCount "72"]
[EventDate "2020.05.??"]

1. e4 e6 2. d4 d5 3. Nd2 Nf6 4. e5 Nfd7 5. Bd3 c5 6. c3 Nc6 7. Ne2 cxd4 8. cxd4
f6 9. exf6 Nxf6 10. O-O Bd6 11. Nf3 O-O 12. Bg5 Qc7 13. Rc1 Bd7 14. Qc2 Be8 15.
a3 Bh5 16. Ne5 Nxe5 17. dxe5 Qxc2 18. Rxc2 Bxe5 19. f4 Bd6 20. Nd4 Bf7 21. Re1
Rfe8 22. Nb5 Rad8 23. Nxa7 h6 24. Bxf6 gxf6 25. Nb5 Bxf4 26. Nd4 Bb8 27. Bb5
Ba7 28. Rd2 e5 29. Bxe8 Bxe8 30. Kf1 Bxd4 31. Red1 Kf7 32. Ke2 Ke6 33. Kf3 Bh5+
34. g4 Bg6 35. Re1 Bb6 36. Rc2 Bxc2 0-1

[Event "NK A Jeugd"]
[Site "Chess.com"]
[Date "2020.05.01"]
[Round "1"]
[White "Han, Yichen"]
[Black "Van Roon, Sjoerd"]
[Result "1-0"]
[WhiteElo "2109"]
[BlackElo "2330"]
[PlyCount "55"]
[EventDate "2020.05.??"]

1. e4 c5 2. Nf3 Nc6 3. d4 cxd4 4. Nxd4 Nf6 5. Nc3 e5 6. Ndb5 d6 7. Bg5 a6 8.
Na3 b5 9. Bxf6 gxf6 10. Nd5 f5 11. c3 Bg7 12. exf5 Bxf5 13. Nc2 O-O 14. Nce3
Bg6 15. h4 h5 16. g4 Be4 17. Rg1 Qxh4 18. gxh5 f5 19. Nc7 f4 20. Ng4 Ra7 21.
Ne6 Re8 22. Qxd6 Kh8 23. h6 Bf6 24. Nc5 Be7 25. Qe6 Bf3 26. Qf7 Rg8 27. Nf6
Rxg1 28. Qh7# 1-0

[Event "NK A Jeugd"]
[Site "Chess.com"]
[Date "2020.05.01"]
[Round "1"]
[White "Van Dael, Siem"]
[Black "Duson, Robin"]
[Result "1-0"]
[WhiteElo "2227"]
[BlackElo "1926"]
[PlyCount "63"]
[EventDate "2020.05.??"]

1. e4 c5 2. Nf3 e6 3. d4 cxd4 4. Nxd4 Nc6 5. Nc3 Qc7 6. Be3 a6 7. f4 b5 8. Qd2
Bb7 9. Be2 Nf6 10. e5 Nxd4 11. Bxd4 Ne4 12. Nxe4 Bxe4 13. O-O Rc8 14. c3 Bc5
15. a4 Qb7 16. Bxc5 Rxc5 17. Qd4 Rc8 18. axb5 axb5 19. Ra7 Qc6 20. Rfa1 Bxg2
21. R1a6 Qd5 22. Qxd5 Bxd5 23. Bxb5 Bc6 24. Bxc6 dxc6 25. b4 O-O 26. Rd7 c5 27.
b5 c4 28. Rc6 Rb8 29. b6 g6 30. b7 Kg7 31. Rxc4 h5 32. Rcc7 1-0

[Event "NK A Jeugd"]
[Site "Chess.com"]
[Date "2020.05.01"]
[Round "1"]
[White "Labruyère, Roger"]
[Black "Hilwerda, Jonas"]
[Result "0-1"]
[WhiteElo "1930"]
[BlackElo "2249"]
[PlyCount "170"]
[EventDate "2020.05.??"]

1. e4 c5 2. Nf3 e6 3. c3 Nf6 4. Qc2 Nc6 5. d4 cxd4 6. cxd4 d5 7. e5 Ne4 8. Nbd2
Nb4 9. Qb3 a5 10. a3 Nc6 11. Bd3 Ng5 12. h4 Nxf3+ 13. Nxf3 Be7 14. Be3 Bd7 15.
Rh3 a4 16. Qc2 Rc8 17. Qe2 Na5 18. Rg3 Nb3 19. Rd1 Qa5+ 20. Kf1 g6 21. h5 Kd8
22. Ng5 Be8 23. Rf3 Bxg5 24. Bxg5+ Kc7 25. Be7 Kb8 26. Bb4 Qb6 27. Bc3 Ka8 28.
Bc2 Bb5 29. Bd3 Be8 30. Bc2 Rc7 31. Rh3 Rg8 32. hxg6 hxg6 33. Bxb3 Bb5 34. Rhd3
axb3 35. Qd2 Qa6 36. Kg1 Bxd3 37. Qxd3 Qxd3 38. Rxd3 Rgc8 39. Bb4 Rc1+ 40. Kh2
R8c2 41. Rxb3 Rxf2 42. Rc3 Rxc3 43. Bxc3 Ka7 44. Kg3 Rf1 45. Kg4 Rf5 46. g3 Ka6
47. Kh3 Rh5+ 48. Kg2 Kb5 49. Bd2 Kc4 50. Bc3 Kd3 51. g4 Rh4 52. Kg3 Rh1 53. Kf4
Rf1+ 54. Kg5 Ke4 55. Kh6 Kf4 56. g5 Kf5 57. Bd2 Rf2 58. Bc3 b5 59. Be1 Rxb2 60.
Bb4 Rf2 61. Be1 Rf4 62. Bc3 Rf3 63. Bb4 Ke4 64. Bc5 Rf5 65. Bb6 Kf3 66. Kg7 Ke4
67. Kh6 Kd3 68. Kg7 Kc4 69. Bc5 Kb3 70. Bb4 Ka4 71. Bc5 Ka5 72. Bb4+ Ka6 73.
Be7 Kb7 74. Bc5 Kc6 75. Bb4 Rxg5 76. Kxf7 Kd7 77. Kf6 Rg2 78. Bc5 g5 79. Bb4 g4
80. Kg5 Ke8 81. Kf6 g3 82. Kxe6 Rh2 83. Kxd5 g2 84. Ke6 g1=Q 85. d5 Qg6# 0-1

[Event "NK A Jeugd"]
[Site "Chess.com"]
[Date "2020.05.01"]
[Round "1"]
[White "Qi, Zimo"]
[Black "Van Randtwijk, Mick"]
[Result "0-1"]
[WhiteElo "1741"]
[BlackElo "2058"]
[PlyCount "90"]
[EventDate "2020.05.??"]

1. d4 Nf6 2. c4 e6 3. Nf3 Bb4+ 4. Bd2 a5 5. Qc2 d6 6. a3 Bxd2+ 7. Nbxd2 Nbd7 8.
e4 e5 9. dxe5 dxe5 10. Be2 O-O 11. O-O b6 12. b4 axb4 13. axb4 Bb7 14. c5 c6
15. Rxa8 Bxa8 16. Rc1 bxc5 17. bxc5 Bb7 18. Qb2 Qc7 19. Qc2 Qa5 20. Nb3 Qb4 21.
Nbd2 Bc8 22. Qc4 Qxc4 23. Bxc4 Nxc5 24. Bxf7+ Rxf7 25. Rxc5 Bb7 26. h3 Nd7 27.
Rc3 c5 28. Nb3 Bxe4 29. Nxc5 Nxc5 30. Rxc5 Bxf3 31. Rc8+ Rf8 32. Rxf8+ Kxf8 33.
gxf3 Kf7 34. Kg2 Kf6 35. Kg3 Kf5 36. Kh2 Kf4 37. Kg2 h6 38. h4 h5 39. Kh3 Kxf3
40. Kh2 Kxf2 41. Kh3 e4 42. Kh2 e3 43. Kh3 e2 44. Kh2 e1=Q 45. Kh3 Qh1# 0-1

[Event "NK A Jeugd"]
[Site "Chess.com"]
[Date "2020.05.01"]
[Round "1"]
[White "Grutter, Tim"]
[Black "Vlieger, Olaf"]
[Result "1-0"]
[WhiteElo "2183"]
[BlackElo "1877"]
[PlyCount "55"]
[EventDate "2020.05.??"]

1. c4 e5 2. Nc3 Nf6 3. Nf3 Nc6 4. e3 Bb4 5. Qc2 Bxc3 6. bxc3 O-O 7. e4 d6 8. g3
Be6 9. d3 Qd7 10. Bg2 h6 11. O-O Bh3 12. Rb1 Rab8 13. Ba3 Bxg2 14. Kxg2 Rfe8
15. Nh4 Ne7 16. f4 Ng4 17. Rbe1 c5 18. h3 Nf6 19. Bc1 Qc6 20. Qf2 Nd7 21. fxe5
Nxe5 22. d4 cxd4 23. cxd4 Nd3 24. Qxf7+ Kh7 25. Re3 Nxc1 26. Rxc1 Qd7 27. Nf5
Rbd8 28. Qxg7# 1-0

[Event "NK A Jeugd"]
[Site "Chess.com"]
[Date "2020.05.01"]
[Round "1"]
[White "Arnold, Kiri"]
[Black "Albers, Sasa"]
[Result "0-1"]
[WhiteElo "1752"]
[BlackElo "2082"]
[PlyCount "78"]
[EventDate "2020.05.??"]

1. e4 c6 2. d4 d5 3. exd5 cxd5 4. c4 Nf6 5. Nc3 Nc6 6. Bg5 Be6 7. c5 a6 8. a3
g6 9. Nf3 Bg7 10. Be2 O-O 11. O-O Ne4 12. Be3 b6 13. cxb6 Nxc3 14. bxc3 Qxb6
15. Bd3 Bg4 16. h3 Bxf3 17. Qxf3 e6 18. Rfb1 Qa5 19. Rc1 Rfc8 20. Bd2 Qc7 21.
Bf4 Qa5 22. Bd6 Qd8 23. Bc5 Ne5 24. Qe2 Nxd3 25. Qxd3 Bf8 26. Bb4 Rc4 27. Rab1
a5 28. Bxf8 Qxf8 29. Rb3 Rac8 30. Qd2 Qe8 31. Qb2 Qc6 32. Rb5 Rxd4 33. Rxa5 Rc4
34. Ra7 Rxc3 35. Rxc3 Qxc3 36. Qb7 Qc1+ 37. Kh2 Qf4+ 38. g3 Qxf2+ 39. Kh1 Rc1#
0-1

[Event "NK A Jeugd"]
[Site "Chess.com"]
[Date "2020.05.01"]
[Round "1"]
[White "Elgersma, Onno"]
[Black "Emans, Job"]
[Result "1-0"]
[WhiteElo "2296"]
[BlackElo "1946"]
[PlyCount "111"]
[EventDate "2020.05.??"]

1. e4 e5 2. Nf3 Nc6 3. Bb5 a6 4. Ba4 Nf6 5. O-O Be7 6. d3 b5 7. Bb3 d6 8. a3
O-O 9. Nc3 Bg4 10. Be3 h6 11. h3 Be6 12. Nd5 Na5 13. Nxf6+ Bxf6 14. Bxe6 fxe6
15. b4 Nc6 16. c4 Nd4 17. Bxd4 exd4 18. Qb3 Qd7 19. Rac1 c6 20. c5 d5 21. e5
Bg5 22. Nxg5 hxg5 23. Qb2 a5 24. Qxd4 axb4 25. axb4 Ra4 26. g3 Qf7 27. Ra1 Rfa8
28. Kg2 Qf5 29. Rxa4 Rxa4 30. Re1 Ra2 31. g4 Qf4 32. Qxf4 gxf4 33. Rb1 g5 34.
Kf3 Rd2 35. Rb3 Kf7 36. h4 gxh4 37. Kxf4 Rxf2+ 38. Kg5 h3 39. Ra3 h2 40. Ra7+
Kf8 41. Rh7 Rb2 42. Kf6 Kg8 43. Rh3 Rxb4 44. g5 Rb2 45. Kxe6 b4 46. Kd6 Re2 47.
e6 b3 48. e7 b2 49. Rxh2 Rxe7 50. Rxb2 Re3 51. d4 Rd3 52. Rb4 Kf7 53. g6+ Kxg6
54. Kxc6 Kf6 55. Kxd5 Kf5 56. Rb7 1-0

[Event "NK A Jeugd"]
[Site "Chess.com"]
[Date "2020.05.01"]
[Round "1"]
[White "Boghossian, Wahe"]
[Black "Shakhverdian, William"]
[Result "0-1"]
[WhiteElo "1823"]
[BlackElo "2109"]
[PlyCount "52"]
[EventDate "2020.05.??"]

1. e4 e5 2. Nf3 Nc6 3. Bc4 Bc5 4. c3 Nf6 5. d3 a5 6. Bg5 h6 7. Bh4 g5 8. Bg3 d6
9. Nbd2 Qe7 10. Nf1 Be6 11. Bxe6 Qxe6 12. Ne3 Bxe3 13. fxe3 O-O-O 14. O-O d5
15. exd5 Nxd5 16. Qe2 f5 17. d4 exd4 18. cxd4 Qxe3+ 19. Qxe3 Nxe3 20. Rfc1 f4
21. Bf2 g4 22. Ne5 Nxd4 23. Bxe3 fxe3 24. Nf7 Ne2+ 25. Kf1 Nxc1 26. Nxh8 Rd1#
0-1

[Event "NK A Jeugd"]
[Site "Chess.com"]
[Date "2020.05.01"]
[Round "2"]
[White "Wedda, Dries"]
[Black "Roebers, Eline"]
[Result "1-0"]
[WhiteElo "2242"]
[BlackElo "2055"]
[PlyCount "71"]
[EventDate "2020.05.??"]

1. d4 Nf6 2. c4 g6 3. Nc3 Bg7 4. e4 d6 5. Be2 O-O 6. h4 h5 7. Bg5 c5 8. d5 a6
9. a4 Nbd7 10. Nf3 Ng4 11. Nd2 Ndf6 12. f3 Ne5 13. Nf1 Rb8 14. Ne3 b6 15. Qd2
Qc7 16. Kf2 Bd7 17. Rag1 b5 18. axb5 axb5 19. cxb5 c4 20. Bxf6 Bxf6 21. g4 Kh7
22. gxh5 gxh5 23. Rg5 Bxg5 24. hxg5 Kg6 25. f4 Ng4+ 26. Bxg4 Bxg4 27. f5+ Kg7
28. Nxg4 hxg4 29. f6+ exf6 30. Qf4 Qc5+ 31. Kg3 Qd4 32. gxf6+ Qxf6 33. Rh7+
Kxh7 34. Qxf6 Rfe8 35. Qxf7+ Kh6 36. Qf6+ 1-0

[Event "NK A Jeugd"]
[Site "Chess.com"]
[Date "2020.05.01"]
[Round "2"]
[White "Hilwerda, Jonas"]
[Black "Albers, Sasa"]
[Result "1-0"]
[WhiteElo "2254"]
[BlackElo "2075"]
[PlyCount "41"]
[EventDate "2020.05.??"]

1. e4 c6 2. d4 d5 3. Nc3 dxe4 4. Nxe4 Bf5 5. Ng3 Bg6 6. h4 h6 7. Nf3 Nd7 8. h5
Bh7 9. Bd3 Bxd3 10. Qxd3 e6 11. Bd2 Ngf6 12. O-O-O Be7 13. Ne4 O-O 14. Nxf6+
Nxf6 15. g4 c5 16. g5 hxg5 17. Bxg5 cxd4 18. Rdg1 Qd5 19. Bh6 Nxh5 20. Rxh5
Qxh5 21. Rxg7+ 1-0

[Event "NK A Jeugd"]
[Site "Chess.com"]
[Date "2020.05.01"]
[Round "2"]
[White "De Boer, Eelke"]
[Black "Noordenbos, Daan"]
[Result "1/2-1/2"]
[WhiteElo "1650"]
[BlackElo "2065"]
[PlyCount "109"]
[EventDate "2020.05.??"]

1. e4 e6 2. d4 d5 3. Nc3 Bb4 4. e5 c5 5. a3 Bxc3+ 6. bxc3 Ne7 7. Qg4 O-O 8. Bd3
f5 9. exf6 Rxf6 10. Bg5 Rf7 11. Qh5 g6 12. Qd1 Qa5 13. Qd2 Nbc6 14. Nf3 b6 15.
O-O Nf5 16. dxc5 bxc5 17. c4 Nfd4 18. Nxd4 Qxd2 19. Bxd2 Nxd4 20. Rab1 Bb7 21.
c3 Nf5 22. Rfe1 dxc4 23. Bxc4 Bd5 24. Bxd5 exd5 25. Re5 Rd7 26. g4 Ne7 27. Rb5
Rc8 28. Bg5 Nc6 29. Rxc5 Nxe5 30. Rxc8+ Kf7 31. Kg2 Nc4 32. a4 Nd6 33. Ra8 Ne4
34. Be3 Nxc3 35. Rxa7 Rxa7 36. Bxa7 Nxa4 37. Bd4 Ke6 38. Kf3 Kd6 39. Kf4 Nc5
40. Be5+ Ke6 41. Bd4 Ne4 42. f3 Nd6 43. h4 Nf7 44. h5 Nd6 45. hxg6 hxg6 46. Kg5
Kf7 47. Kh6 Nc4 48. f4 Nd2 49. Kh7 Nf3 50. Bb2 Nh2 51. f5 g5 52. Kh6 Nxg4+ 53.
Kxg5 Ne3 54. Kf4 Nc4 55. Bd4 1/2-1/2

[Event "NK A Jeugd"]
[Site "Chess.com"]
[Date "2020.05.01"]
[Round "2"]
[White "Vlieger, Olaf"]
[Black "Wierenga, Jael"]
[Result "1/2-1/2"]
[WhiteElo "1879"]
[BlackElo "1955"]
[PlyCount "50"]
[EventDate "2020.05.??"]

1. e4 c5 2. Nf3 d6 3. d4 cxd4 4. Nxd4 Nf6 5. Nc3 Ng8 6. Bc4 Nf6 7. Be3 a6 8. a4
Nc6 9. f3 e5 10. Nb3 Be6 11. Bxe6 fxe6 12. a5 Be7 13. O-O O-O 14. Qe1 d5 15.
Bb6 Qd7 16. exd5 exd5 17. Rd1 Bb4 18. Bc5 Bxc5+ 19. Nxc5 Qe7 20. Nb3 Rac8 21.
Nxd5 Nxd5 22. Rxd5 Qe6 23. Qd2 Rfd8 24. Rxd8+ Rxd8 25. Qc3 Qd5 1/2-1/2

[Event "NK A Jeugd"]
[Site "Chess.com"]
[Date "2020.05.01"]
[Round "2"]
[White "Han, Yichen"]
[Black "De Winter, Arthur"]
[Result "1-0"]
[WhiteElo "2243"]
[BlackElo "2445"]
[PlyCount "63"]
[EventDate "2020.05.??"]

1. d4 Nf6 2. Nf3 g6 3. Bg5 Bg7 4. Nbd2 d5 5. e3 O-O 6. Bd3 c5 7. c3 Nc6 8. O-O
b6 9. Re1 Bb7 10. Qe2 Qc7 11. Rad1 cxd4 12. exd4 Rfe8 13. Ne5 Nd7 14. Bf4 Qc8
15. Ndf3 e6 16. Qe3 f6 17. Nxd7 Qxd7 18. Bh6 a6 19. Bc2 Na5 20. Bxg7 Kxg7 21.
Nd2 Rac8 22. Qh3 Qf7 23. f4 b5 24. a3 Nc4 25. Nxc4 bxc4 26. Re2 Rcd8 27. Rde1
Rd6 28. f5 Bc8 29. Qg3 e5 30. dxe5 fxe5 31. Rxe5 Rf8 32. Re7 1-0

[Event "NK A Jeugd"]
[Site "Chess.com"]
[Date "2020.05.01"]
[Round "2"]
[White "Shakhverdian, William"]
[Black "Elgersma, Onno"]
[Result "0-1"]
[WhiteElo "2105"]
[BlackElo "2300"]
[PlyCount "58"]
[EventDate "2020.05.??"]

1. d4 Nf6 2. c4 e6 3. Nf3 d5 4. Nc3 a6 5. cxd5 exd5 6. Bg5 Be6 7. e3 Bd6 8. Bd3
Nbd7 9. Qc2 c6 10. Bh4 h6 11. h3 Qc7 12. Bxf6 Nxf6 13. Rc1 O-O 14. O-O Rfe8 15.
Na4 Qe7 16. Nc5 Bc8 17. Be2 Ne4 18. Nd3 Bf5 19. Qd1 Bc7 20. Nfe5 f6 21. Nf3 g5
22. Re1 h5 23. Kf1 Qd6 24. Nfe5 fxe5 25. dxe5 Rxe5 26. Nxe5 Qxe5 27. Bxh5 Qh2
28. Rc2 Qh1+ 29. Ke2 Qxg2 0-1

[Event "NK A Jeugd"]
[Site "Chess.com"]
[Date "2020.05.01"]
[Round "2"]
[White "Honkoop, Gilian"]
[Black "Grutter, Tim"]
[Result "0-1"]
[WhiteElo "1469"]
[BlackElo "2184"]
[PlyCount "190"]
[EventDate "2020.05.??"]

1. d4 Nf6 2. Nf3 g6 3. c4 Bg7 4. Nc3 O-O 5. Bg5 d6 6. e3 h6 7. Bh4 c5 8. d5 e6
9. Be2 exd5 10. Nxd5 g5 11. Bg3 Ne4 12. Rb1 Nxg3 13. hxg3 Qa5+ 14. Qd2 Qxd2+
15. Nxd2 Nc6 16. g4 f5 17. gxf5 Bxf5 18. e4 Bg6 19. O-O Rae8 20. Bd3 Nd4 21.
Rfe1 g4 22. a3 b6 23. b4 h5 24. Nb3 h4 25. Kf1 g3 26. f3 h3 27. Kg1 hxg2 28.
Nxd4 Bxd4+ 29. Kxg2 Bh5 30. f4 Bf2 31. Rh1 Bf7 32. Nf6+ Kg7 33. Nxe8+ Bxe8 34.
Kf3 Bc6 35. b5 Bb7 36. Rb2 Rf6 37. Re2 Rf8 38. f5 Rxf5+ 39. Kg4 Rf6 40. Rf1 g2
41. Rexf2 Rxf2 42. Rd1 Rf1 43. Rxf1 gxf1=Q 44. Bxf1 Bxe4 45. Kf4 Bc2 46. Ke3
Kf6 47. Kd2 Bf5 48. Ke3 Ke5 49. Bg2 Be6 50. Kd3 Bf5+ 51. Ke3 Bb1 52. Bd5 Ba2
53. Bg8 d5 54. Bxd5 Kd6 55. Ke4 Bb1+ 56. Kf4 Bd3 57. Ke3 Bf1 58. Kf4 Bh3 59.
Bg8 Bd7 60. Bd5 Bxb5 61. Ke4 Be8 62. Bg8 Bc6+ 63. Kf4 a6 64. Bf7 Ba4 65. Bd5
Bb3 66. Ke4 b5 67. Bb7 Bxc4 68. Bxa6 Kc6 69. Bc8 Bd5+ 70. Kd3 Kb6 71. Kc3 Ka5
72. Kb2 Bc4 73. Bd7 Bd5 74. Kc3 Kb6 75. Be8 Bc6 76. Bf7 Kc7 77. Bg8 Kd6 78. Bf7
Ke5 79. Bg8 Ke4 80. Bh7+ Ke3 81. Bd3 Bd7 82. Bf1 Ke4 83. Bd3+ Kd5 84. Bh7 Kc6
85. Be4+ Kb6 86. Bh7 Ka5 87. Bg8 Ka4 88. Kb2 c4 89. Bf7 c3+ 90. Kxc3 Kxa3 91.
Kc2 b4 92. Bd5 Ba4+ 93. Kb1 Bb3 94. Be4 Ba2+ 95. Ka1 b3 0-1

[Event "NK A Jeugd"]
[Site "Chess.com"]
[Date "2020.05.01"]
[Round "2"]
[White "Emans, Job"]
[Black "Heskes, Johan"]
[Result "1-0"]
[WhiteElo "1959"]
[BlackElo "1771"]
[PlyCount "83"]
[EventDate "2020.05.??"]

1. d4 Nf6 2. c4 e5 3. dxe5 Ng4 4. Bf4 Nc6 5. Nf3 Bb4+ 6. Nc3 Qe7 7. e3 Ngxe5 8.
Be2 O-O 9. O-O Bxc3 10. bxc3 d6 11. Rb1 b6 12. Nd4 Bb7 13. Bg3 Na5 14. Bxe5
Qxe5 15. Rb5 Qe7 16. Rh5 g6 17. Rh3 Qg5 18. Rg3 Qf6 19. Bd3 c5 20. Nb5 Nc6 21.
Be2 Rfd8 22. Nc7 Rac8 23. Nd5 Qe5 24. f4 Qe4 25. Bd3 Qe6 26. f5 Qe5 27. Qg4 Ne7
28. fxg6 Nxg6 29. Qh4 Bxd5 30. cxd5 Qxc3 31. Bxg6 fxg6 32. Qe7 Qg7 33. Qe6+ Kh8
34. Rf7 Qa1+ 35. Rf1 Qg7 36. Rgf3 Re8 37. Qxd6 Rcd8 38. Qc6 Qe5 39. Rf7 Qxe3+
40. Kh1 Qe1 41. Qf6+ Kg8 42. Qg7# 1-0

[Event "NK A Jeugd"]
[Site "Chess.com"]
[Date "2020.05.01"]
[Round "2"]
[White "Pham, Khoi"]
[Black "Maters, Arthur"]
[Result "0-1"]
[WhiteElo "1944"]
[BlackElo "1928"]
[PlyCount "84"]
[EventDate "2020.05.??"]

1. d4 Nf6 2. c4 e6 3. Nc3 Bb4 4. f3 d5 5. a3 Bxc3+ 6. bxc3 c5 7. cxd5 exd5 8.
e3 c4 9. g4 Nc6 10. Ne2 Na5 11. Bg2 Nb3 12. Rb1 O-O 13. O-O Qe7 14. Ng3 Re8 15.
Re1 b5 16. Bb2 a5 17. g5 Nd7 18. h4 Bb7 19. e4 dxe4 20. fxe4 f6 21. Qg4 fxg5
22. hxg5 g6 23. Rf1 Rf8 24. Rxf8+ Rxf8 25. Rf1 Rxf1+ 26. Bxf1 Nf8 27. a4 Nd2
28. axb5 Nxf1 29. Nxf1 Qxe4 30. Qxe4 Bxe4 31. Nd2 Bd5 32. Ba3 Ne6 33. Be7 Kf7
34. Bf6 a4 35. Nb1 Nc7 36. Na3 h5 37. b6 Na8 38. Nxc4 Nxb6 39. Nxb6 a3 40. Nxd5
a2 41. Kf2 a1=Q 42. Kf3 Qh1+ 0-1

[Event "NK A Jeugd"]
[Site "Chess.com"]
[Date "2020.05.01"]
[Round "2"]
[White "Van Randtwijk, Mick"]
[Black "Van Dael, Siem"]
[Result "0-1"]
[WhiteElo "2054"]
[BlackElo "2233"]
[PlyCount "54"]
[EventDate "2020.05.??"]

1. e4 e5 2. Nf3 Nc6 3. Bb5 a6 4. Ba4 Nf6 5. d3 b5 6. Bb3 Bc5 7. Nc3 d6 8. a3
O-O 9. O-O Bg4 10. Be3 Nd4 11. Bxd4 Bxd4 12. h3 Be6 13. Nxd4 exd4 14. Ne2 c5
15. Bxe6 fxe6 16. c3 dxc3 17. bxc3 d5 18. e5 Nd7 19. f4 Nb6 20. Qd2 Na4 21.
Rac1 Ra7 22. Qe3 Raf7 23. Kh2 Kh8 24. g4 g5 25. f5 exf5 26. e6 Qd6+ 27. Kh1 f4
0-1

[Event "NK A Jeugd"]
[Site "Chess.com"]
[Date "2020.05.01"]
[Round "2"]
[White "Arnold, Kiri"]
[Black "Labruyère, Roger"]
[Result "0-1"]
[WhiteElo "1709"]
[BlackElo "1935"]
[PlyCount "118"]
[EventDate "2020.05.??"]

1. e4 c5 2. Nc3 Nc6 3. Nf3 Nf6 4. d4 cxd4 5. Nxd4 d6 6. g3 g6 7. Bg2 Bg7 8. Be3
O-O 9. O-O Bd7 10. Qd2 a6 11. Nb3 b5 12. Rad1 Qc7 13. h3 Rfc8 14. f4 Rab8 15.
Nd5 Nxd5 16. exd5 Nd8 17. c3 a5 18. g4 a4 19. Nd4 Qc4 20. a3 Nb7 21. f5 Nc5 22.
Nc6 Bxc6 23. dxc6 Ne4 24. Qc2 d5 25. Bd4 Qxc6 26. Bxg7 Kxg7 27. fxg6 hxg6 28.
Qd3 Rd8 29. Qf3 Qb6+ 30. Kh2 Qd6+ 31. Kg1 f6 32. Qe3 Qc6 33. Rfe1 e5 34. Bxe4
dxe4 35. Rxd8 Rxd8 36. Qxe4 Qxe4 37. Rxe4 Rd1+ 38. Kf2 Rd2+ 39. Ke3 Rxb2 40.
Kd3 Rb3 41. Kc2 Rxa3 42. Rb4 Rb3 43. Re4 Kf7 44. h4 Ke6 45. h5 gxh5 46. gxh5
Kf5 47. Rh4 Kg5 48. h6 Ra3 49. h7 Kxh4 50. h8=Q+ Kg5 51. Qg7+ Kf5 52. Qd7+ Kg5
53. Qxb5 Ra2+ 54. Kb1 Ra3 55. Qb4 Rb3+ 56. Kc2 Rxb4 57. cxb4 Kf5 58. Kc3 Ke6
59. Kc4 Kd7 0-1

[Event "NK A Jeugd"]
[Site "Chess.com"]
[Date "2020.05.01"]
[Round "2"]
[White "Van Roon, Sjoerd"]
[Black "Van Foreest, Nanne"]
[Result "1-0"]
[WhiteElo "2331"]
[BlackElo "1845"]
[PlyCount "153"]
[EventDate "2020.05.??"]

1. e4 e5 2. Nf3 Nc6 3. Bc4 Nf6 4. Ng5 d5 5. exd5 Na5 6. Bb5+ c6 7. dxc6 bxc6 8.
Bd3 h6 9. Ne4 Nd5 10. O-O Nf4 11. Re1 Be7 12. Ng3 Nxd3 13. cxd3 Qxd3 14. Rxe5
Nc4 15. Re4 Bf5 16. Re1 Be6 17. b3 Bf6 18. Nc3 Rd8 19. Qh5 Ne5 20. Ba3 Qxd2 21.
Nce4 Qf4 22. Nxf6+ gxf6 23. h3 Qg5 24. Qxg5 hxg5 25. Ne4 Rh6 26. Nxf6+ Rxf6 27.
Rxe5 Rd2 28. Bc5 a6 29. Rxg5 Kd7 30. Be3 Rd5 31. Rg8 Rg6 32. Rxg6 fxg6 33. Rc1
Ra5 34. Rc2 Bd5 35. f3 Rb5 36. Kf2 Ke6 37. g4 Rb8 38. Kg3 Rf8 39. f4 Re8 40.
Bd4 Kd6 41. Be5+ Kd7 42. h4 Ke6 43. Rh2 Rf8 44. Rh3 a5 45. Rh2 Ra8 46. h5 gxh5
47. Rxh5 a4 48. Rh6+ Kd7 49. Rh7+ Ke6 50. Rh6+ Kd7 51. f5 axb3 52. Rh7+ Kc8 53.
Rh8+ Kb7 54. Rxa8 Kxa8 55. axb3 Kb7 56. g5 Kc8 57. g6 Kd7 58. b4 Ke7 59. Kf4
Bc4 60. f6+ Kf8 61. Bd6+ Kg8 62. f7+ Bxf7 63. gxf7+ Kxf7 64. Ke5 Ke8 65. Kd4
Kd7 66. Kc5 Kc8 67. Kxc6 Kd8 68. b5 Kc8 69. b6 Kd8 70. b7 Ke8 71. b8=Q+ Kf7 72.
Qf8+ Kg6 73. Kd5 Kh5 74. Qg7 Kh4 75. Ke5 Kh5 76. Kf4 Kh4 77. Qh7# 1-0

[Event "NK A Jeugd"]
[Site "Chess.com"]
[Date "2020.05.01"]
[Round "2"]
[White "Boghossian, Wahe"]
[Black "Van Foreest, Machteld"]
[Result "0-1"]
[WhiteElo "1791"]
[BlackElo "1972"]
[PlyCount "90"]
[EventDate "2020.05.??"]

1. e4 e5 2. Nf3 Nc6 3. d4 exd4 4. Bc4 Nf6 5. e5 d5 6. Bb5 Ne4 7. Nxd4 Bc5 8.
Be3 O-O 9. Nxc6 bxc6 10. Bxc5 Nxc5 11. Bxc6 Rb8 12. O-O Ba6 13. Re1 Rxb2 14.
Qd4 Rxc2 15. Na3 Nb3 16. axb3 Rxc6 17. Nb1 Qg5 18. Qxd5 Bb7 19. Qd2 Rc1 20. f3
Rxe1+ 21. Qxe1 Bxf3 22. Qd2 Qxe5 23. Ra5 Qe4 24. Nc3 Qg6 25. Rg5 Qb6+ 26. Qf2
Bb7 27. Qxb6 cxb6 28. Nb5 f6 29. Rg3 a6 30. Nd6 Ba8 31. Nf5 g6 32. Nh6+ Kg7 33.
Nf5+ Kf7 34. Nd6+ Ke6 35. Nc4 b5 36. Re3+ Kd5 37. Nb6+ Kd4 38. Re7 Bc6 39. Ra7
Rd8 40. Rxa6 Ke3 41. Ra1 Rb8 42. Ra6 Bb7 43. Nd7 Rd8 44. Re6+ Be4 45. Rd6 Bf5
0-1

[Event "NK A Jeugd"]
[Site "Chess.com"]
[Date "2020.05.01"]
[Round "2"]
[White "Duson, Robin"]
[Black "Qi, Zimo"]
[Result "1-0"]
[WhiteElo "1930"]
[BlackElo "1737"]
[PlyCount "59"]
[EventDate "2020.05.??"]

1. d4 d5 2. c4 c6 3. Nc3 Nf6 4. Nf3 Nbd7 5. cxd5 cxd5 6. Bf4 e6 7. h3 Be7 8. e3
O-O 9. Bd3 h6 10. O-O a6 11. a4 b6 12. Qe2 Bb7 13. Rfc1 Rc8 14. Bxa6 Bxa6 15.
Qxa6 Nb8 16. Qd3 Nc6 17. Ne5 Nxe5 18. Bxe5 Nd7 19. Bg3 Bf6 20. Nb5 e5 21. Rxc8
Qxc8 22. dxe5 Bxe5 23. Bxe5 Nxe5 24. Qxd5 Ng6 25. Rd1 Qa6 26. Nc3 Ne7 27. Qd7
Nc8 28. Qb5 Qb7 29. Rd7 Qb8 30. Nd5 1-0